Revista de Globalizacin̤, Competitividad y Gobernabilidad GCG

Bibliographic Details
Format: eBook
Language:Spanish
Published: Boadilla del Monte : Universia Holding, 2007-
Subjects:
Online Access:http://www.vlex.com/source/7325

MARC

LEADER 00000nam a22000007a 4500
005 20130301101902.0
007 cr|||| ||||
008 130301c20079999sp tr|p s|||| 0|||b spa d
035 |a 7325 
040 |a vLex 
090 |c 3800  |d 3800 
245 0 0 |a Revista de Globalizacin̤, Competitividad y Gobernabilidad  |b GCG  |h [Recurso electrn̤ico] 
256 |a Servicio en ln̕ea 
260 |a Boadilla del Monte :  |b Universia Holding,   |c 2007- 
300 |a 1 Recurso electrn̤ico 
506 |d vLex Global  |d vLex Global (Academic Edition, excluding Law Schools)  |d vLex Global (U.S. Academic Edition, Law Schools)  |d vLex Global (U.S. Academic Edition, excluding Law Schools)  |d vLex Global (Academic Edition, Law Schools) 
650 0 4 |a Cin̈cies polt̕iques  |v Revistas 
650 0 4 |a Globalizacin̤  |v Revistas 
650 0 4 |a Economa̕  |v Revistas 
650 0 4 |a Competitividad  |v Revistas 
740 |a vLex Revistas (Servicio en ln̕ea) 
856 |a Acceso restringido  |u http://www.vlex.com/source/7325 
942 |c REV 
999 0 |a Political science